| 000 | 00703nam a2200229 a 4500 | ||
|---|---|---|---|
| 003 | CO-ViMGA | ||
| 005 | 20230915225024.0 | ||
| 008 | 061230s2002 sp a jr 0001j0spa d | ||
| 020 | _a8426132731 | ||
| 040 |
_aCO-ViMGA _bspa _cCO-ViMGA |
||
| 041 | 1 | _hswe | |
| 043 | _ae-it--- | ||
| 082 | 0 | 4 |
_aI853.91 _bS28d _221 ed. |
| 100 | 1 |
_aScuderi, Lucia, _d1962- _981 |
|
| 245 | 1 | 0 | _aDos ratones en la luna / |
| 260 | 3 |
_aBarcelona : _bEditorial Juventud, _c2002. |
|
| 300 |
_a[28] p. : _bil. ; _c23 cm. + _e1 hoja plegable. |
||
| 534 |
_pTÃtulo original : _tZwei mause auf dem mond. |
||
| 650 | 1 | 4 |
_aCuentos infantiles italianos. _982 |
| 650 | 1 | 6 |
_aRatones _v Cuentos infantiles. _983 |
| 942 |
_2ddc _cBK |
||
| 999 |
_c12013 _d12013 |
||